| 000 | 00329nam a2200109Ia 4500 | ||
|---|---|---|---|
| 008 | 230907s9999||||xx |||||||||||||| ||und|| | ||
| 082 |
_a621.3821 _bCOG |
||
| 245 | 0 | _aCognitive radio communications and networking : | |
| 260 |
_aJohn Wiley & Sons Inc., _bChichester, West Sussex, UK : _c2012 |
||
| 300 | _axx, 514 p. : | ||
| 942 | _cBK | ||
| 999 |
_c600184 _d600184 |
||